Технология и оборудование сварки плавлением: учебное пособие

書誌詳細
その他の著者: Никифоров Г. Д. Геннадий Дмитриевич (редактор)
要約:В учебнике изложены современные представления о природе образования сварного соединения и свариваемости металлов. Рассмотрены технологические особенности основных методов сварки плавлением. С металлургических и металловедческих позиций отражена технология сварки конструкционных материалов. Изложены основы типового оборудования, применяемого при сварке плавлением.
言語:ロシア語
出版事項: Москва, Машиностроение, 1978
主題:
フォーマット: 図書
KOHA link:https://koha.lib.tpu.ru/cgi-bin/koha/opac-detail.pl?biblionumber=33896

MARC

LEADER 00000nam0a2200000 4500
001 33896
005 20231030220857.0
035 |a (RuTPU)RU\TPU\book\34267 
035 |a BOOK00000918 
090 |a 33896 
100 |a 20011210d1978 m y0rusy50 ca 
101 0 |a rus 
102 |a RU 
105 |a a j 001zy 
200 1 |a Технология и оборудование сварки плавлением  |e учебное пособие  |f под ред. Г. Д. Никифорова 
210 |a Москва  |c Машиностроение  |d 1978 
215 |a 327 с.  |c ил. 
320 |a Библиогр.: с. 318. 
330 |a В учебнике изложены современные представления о природе образования сварного соединения и свариваемости металлов. Рассмотрены технологические особенности основных методов сварки плавлением. С металлургических и металловедческих позиций отражена технология сварки конструкционных материалов. Изложены основы типового оборудования, применяемого при сварке плавлением. 
610 1 |a сварка 
610 1 |a сварочное оборудование 
610 1 |a технология 
610 1 |a учебные пособия 
675 |a 621.791.55(075.8)  |v 3 
702 1 |a Никифоров  |b Г. Д.  |g Геннадий Дмитриевич  |4 340 
801 0 |a RU  |b 63413507  |c 20011210  |g PSBO 
801 2 |a RU  |b 63413507  |c 20220415  |g PSBO 
900 |a Технологические основы сварки плавлением 
942 |c BK